000 00862nam a2200277 i 4500
001 bg
100 1 _aSTRZYŻEWSKI, Jacek
245 1 0 _aInstalacje elektryczne w budownictwie jednorodzinnym /
_cJacek Strzyżewski, Janusz Strzyżewski.
250 _aWyd. 3 uaktual. i rozsz.
260 _aWarszawa :
_b"Arkady",
_ccop. 2005.
300 _a167 s. :
_bil. ;
_c24 cm.
504 _aBibliogr.
650 9 _aBudownictwo jednorodzinne
_xelektrotechnika
650 9 _aInstalacje elektryczne
655 _aPoradniki
700 1 _aSTRZYŻEWSKI, Janusz
015 _aPB 12483/2002
020 _a8321343910
040 _cBPK
041 0 _apol
080 _a696::728.3(083.1)
920 _a83-213-4391-0
942 _cKS
008 s pl f |000 0 pol
999 _c51532
_d51532
856 _uhttp://koha.tu.koszalin.pl/cgi-bin/koha/opac-detail.pl?biblionumber=51532
_yKatalog online BPK